Most Wickets in Test Wins - Statistics

General Stats
  • This quiz has been taken 11 times
  • The average score is 18 of 20
Answer Stats
Answer Wickets Team % Correct
Anil Kumble 288 IND
100%
Courtney Walsh 239 WI
100%
Glenn McGrath 414 AUS
100%
James Anderson 379 ENG
100%
Muttiah Muralitharan 438 SL
100%
Shane Warne 510 AUS
100%
Shaun Pollock 223 SA
100%
Stuart Broad 321 ENG
100%
Wasim Akram 211 PAK
100%
Brett Lee 225 AUS
90%
Curtly Ambrose 229 WI
90%
Dale Steyn 305 SA
90%
Nathan Lyon 296 AUS
90%
Dennis Lillee 203 AUS
80%
Malcolm Marshall 254 WI
80%
Rangana Herath 243 SL
80%
Ravichandran Ashwin 331 IND
80%
Waqar Younis 222 PAK
80%
Makhaya Ntini 233 SA
70%
Harbhajan Singh 221 IND
60%
No matching quizzes found
Score Distribution
Percent of People with Each Score
Percentile by Number Answered
Your Score History
You have not taken this quiz